1914 1130 1262 1743 1824 1094 1908 1012 1021 1711 1097 1237 1854 1563 1378 1511 1577 1860 1427 1832 1763 1144 1882 1225 1530 1153 1040 1901 1787 1194 1813 1456 1347 1228 1918 1026 1987 1351 1327 1772 1512 1484 1316 1445 1850 1267 1345 1050 1039 1468 1339 1637 1664 1193 1565 1848 1892 1628 1717 1310 1713 1228 1300 1752 1558 1296 1714 1222 1923 1369 1381 1563 1549 1480 1263 1832 1367 1034 1339 1006 1005 1793 1236 1097 1430 1645 1683 1084 1399 1498 1354 1639 1390 1389 1459 1625 1698 1183 1433 BCNSPRNW ULIB Ver.6.0+V

เปลี่ยนเป็นภาษาไทย

Change to English
 แสดงรายละเอียดบรรณานุกรม
  กลับหน้าหลัก

Brief Record : Get Marc (ISO 2709) : E-mail record : QR code < ปิดหน้าต่าง
LEADER : 00000nam 2200000uu 4500
001    13399122809
003     ULIB
008    131003s2554||||th 000 0 tha d
020    ^a9786167233147
050  4 ^aQA76.75^bธ472P
100 0  ^aเอกเทพ ภักดีศิริมงคล
245 00 ^aPhotoshop CS5 ฉบับสมบูรณ์/^cเอกเทพ ภักดีศิริมงคล
250    ^aพิมพ์ครั้งที่ 1
260    ^aกรุงเทพฯ :^bสวัสดี ไอที,^c2554
300    ^a592 หน้า :^bภาพประกอบ
650  7 ^aPhotoshop
945    ^p289^l0^i034033
995    ^aทศพร
999    ^aกมลทิพย์ ธนสารสุธี
รายการนี้ยังไม่มีแท็ก
คุณยังไม่ได้ล็อกอิน คุณสามารถมีกิจกรรมร่วมกับเว็บไซต์ได้ แต่ต้องล็อกอินก่อน ::
  ล็อกอิน

รายการสื่อสารสนเทศ

ลำดับที่ ประเภท เลขเรียก/บาร์โค้ด สถานที่ สถานะ
1. การศึกษาทั่วไป
หนังสือสำรอง
สถานะ=หนังสือสำรอง
QA76.75 ธ472P ฉ.1 
  Barcode: 034033
ห้องสมุดวิทยาเขตสวรรค์ประชารักษ์
►หนังสือทั่วไป
บนชั้น

รายการใกล้เคียง
    ผู้แต่ง [เอกเทพ ภักดีศิริมงคล]

    หัวเรื่อง [Photoshop]

BibComment


ยังไม่เคยถูกคอมเมนท์

คอมเมนท์ทรัพยากรรายการนี้
  คอมเมนท์: Photoshop CS5 ฉบ..


 Copyright 2026. Bcnsprnw @Library